000 00314nam a22001337a 4500
003 SGT
082 _a615.53
_bC15P
100 _aPATIL, VAIDYA VASANT C
245 _aA COMPREHENSIVE GUIDE ON CARAKA SAMHITA
260 _aVARANSI
_bCHAUKHAMBHA
_c2015
300 _a334
650 _aCHARAK SAMHITA
942 _2ddc
_cBK
_03
999 _c8541
_d8541